FOUNDATIONS OF FUTURE ELECTRONICS (Record no. 567576)

000 -LEADER
fixed length control field 00276nam a22001097a 4500
082 ## - DEWEY DECIMAL CLASSIFICATION NUMBER
Classification number 621.381 FOU'L
100 ## - MAIN ENTRY--PERSONAL NAME
Personal name HERSHBERGER, W. D,LANGMUIR, D. B
9 (RLIN) 57280
245 ## - TITLE STATEMENT
Title FOUNDATIONS OF FUTURE ELECTRONICS
260 ## - PUBLICATION, DISTRIBUTION, ETC.
Place of publication, distribution, etc. NEWYORK
Name of publisher, distributor, etc. MCGRAW HILL
Date of publication, distribution, etc. 1961
300 ## - PHYSICAL DESCRIPTION
Extent 513P
942 ## - ADDED ENTRY ELEMENTS (KOHA)
Koha item type Book
Holdings
Withdrawn status Lost status Damaged status Not for loan Permanent Location Current Location Shelving location Date acquired Total Checkouts Full call number Barcode Date last seen Price effective from Koha item type
        College of Electrical & Mechanical Engineering (CEME) College of Electrical & Mechanical Engineering (CEME) General Stacks 07/12/2017   621.381 FOU'L CEME-4236 06/28/2021 06/28/2021 Book
© 2023 Central Library, National University of Sciences and Technology. All Rights Reserved.